Nonfinancial defined contribution pension schemes in a changing pension world

The present volumn moves the state of knowledge forward. It brings to the forefront and addresses in greater depth many issues that had only been skimmed pre-viously.

Wedi'i Gadw mewn:
Manylion Llyfryddiaeth
Fformat: Llyfr
Iaith:Undetermined
Cyhoeddwyd: Washington D.C. The World Bank 2013
Pynciau:
Tagiau: Ychwanegu Tag
Dim Tagiau, Byddwch y cyntaf i dagio'r cofnod hwn!
Thư viện lưu trữ: Trung tâm Học liệu Trường Đại học Cần Thơ
LEADER 00778nam a2200181Ia 4500
001 CTU_210894
008 210402s9999 xx 000 0 und d
082 |a 331.252 
082 |b N812/Vol.2 
245 0 |a Nonfinancial defined contribution pension schemes in a changing pension world 
245 0 |c Robert Holzmann, Edward Palmer, and David Robalino, editors. 
260 |a Washington D.C. 
260 |b The World Bank 
260 |c 2013 
520 |a The present volumn moves the state of knowledge forward. It brings to the forefront and addresses in greater depth many issues that had only been skimmed pre-viously. 
650 |a Defined contribution pension plans,Kế hoạch lương hưu 
904 |i Qhieu 
980 |a Trung tâm Học liệu Trường Đại học Cần Thơ